Welcome to the Holygrace Academy Library

Please use search bar below to get started

THE STREET LAWYER (Record no. 2385)

MARC details
000 -LEADER
fixed length control field 00591nam a22001457a 4500
020 ## - INTERNATIONAL STANDARD BOOK NUMBER
ISBN 978-0-09-924492-9
082 ## - DEWEY DECIMAL CLASSIFICATION NUMBER
Classification number 823
Item number GRI/S
100 ## - MAIN ENTRY--AUTHOR NAME
Personal name GRISHAM,JOHN
245 ## - TITLE STATEMENT
Title THE STREET LAWYER
260 ## - PUBLICATION, DISTRIBUTION, ETC. (IMPRINT)
Place of publication LONDON
Name of publisher ARROW BOOKS
300 ## - PHYSICAL DESCRIPTION
Number of Pages 359
520 ## - SUMMARY, ETC.
Summary, etc The book, “The Street Lawyer”, written by John Grisham, is a story that revolves around a city lawyer named Michael Brooks. He is three years away from making partner in a prominent law firm called Drake and Sweeney, when he suffers a violent incident that turns his life around.
650 ## - SUBJECT ADDED ENTRY--TOPICAL TERM
Topical Term NOVEL, ENGLISH
Geographic subdivision LONDON
942 ## - ADDED ENTRY ELEMENTS (KOHA)
Koha item type Books
Holdings
Withdrawn status Lost status Collection code Home library Current library Shelving location Date acquired Source of acquisition Full call number Accession Number Koha item type
    Fiction Main Library Main Library SHELF-2-D ENGLIAH NOVELS FOR TEACHERS 06/07/2013 PURCHASE 823 GRI/S 07509 Books